Managing agents' liabilities under environmental legislation (Record no. 66909)
[ view plain ]
| 000 -LEADER | |
|---|---|
| fixed length control field | 01231cam a2200265 4500 |
| 001 - CONTROL NUMBER | |
| control field | ABS63859 |
| 008 - FIXED-LENGTH DATA ELEMENTS--GENERAL INFORMATION | |
| fixed length control field | 000000n2001 000 0 eng u |
| 035 ## - SYSTEM CONTROL NUMBER | |
| System control number | (Sirsi) u112417 |
| 100 ## - MAIN ENTRY--PERSONAL NAME | |
| Personal name | Evers, A. |
| 245 ## - TITLE STATEMENT | |
| Title | Managing agents' liabilities under environmental legislation |
| 260 ## - PUBLICATION, DISTRIBUTION, ETC. | |
| Date of publication, distribution, etc. | 2001 |
| 490 ## - SERIES STATEMENT | |
| Series statement | CSM |
| -- | Chartered Surveyor Monthly |
| Volume/sequential designation | 4 April 2001, 36(1) |
| 520 ## - SUMMARY, ETC. | |
| Summary, etc. | Describes the problems that can occur under the Environmental Protection Act 1990 for managing agents who collect rent on behalf of clients. Part III of the act contains no definition of an owner leading to problems with some agents finding themselves responsible for abating statutory nuisances or clearing up contaminated land. Mentions possible solutions to minimizing liability including appealing against any potentially 'unfair' judgments and reviewing the contractual arrangements with clients. |
| 590 ## - LOCAL NOTE (RLIN) | |
| Local note | ABS |
| 650 ## - SUBJECT ADDED ENTRY--TOPICAL TERM | |
| Topical term or geographic name entry element | SURVEYORS |
| 650 ## - SUBJECT ADDED ENTRY--TOPICAL TERM | |
| Topical term or geographic name entry element | MANAGING AGENTS |
| 650 ## - SUBJECT ADDED ENTRY--TOPICAL TERM | |
| Topical term or geographic name entry element | CONTAMINATED LAND |
| 650 ## - SUBJECT ADDED ENTRY--TOPICAL TERM | |
| Topical term or geographic name entry element | STATUTORY NUISANCE |
| 650 ## - SUBJECT ADDED ENTRY--TOPICAL TERM | |
| Topical term or geographic name entry element | CAMDEN LBC V GUNBY |
| 650 ## - SUBJECT ADDED ENTRY--TOPICAL TERM | |
| Topical term or geographic name entry element | ENVIRONMENTAL PROTECTION ACT 1990 |
| 650 ## - SUBJECT ADDED ENTRY--TOPICAL TERM | |
| Topical term or geographic name entry element | CLEAN AIR ACT 1993 |
| 690 ## - LOCAL SUBJECT ADDED ENTRY--TOPICAL TERM (OCLC, RLIN) | |
| Topical term or geographic name as entry element | ENVIRONMENT-ENVIRONMENTAL LAW |
| 700 ## - ADDED ENTRY--PERSONAL NAME | |
| Personal name | Cuckson, D. |
| 942 ## - ADDED ENTRY ELEMENTS (KOHA) | |
| Suppress in OPAC | 0 |
| Withdrawn status | Lost status | Source of classification or shelving scheme | Damaged status | Not for loan | Home library | Current library | Shelving location | Date acquired | Total Checkouts | Full call number | Barcode | Date last seen | Copy number | Price effective from | Koha item type |
|---|---|---|---|---|---|---|---|---|---|---|---|---|---|---|---|
| Dewey Decimal Classification | London | London | Journal article | 04/05/2001 | ABS63859 | 112417-1001 | 06/08/2019 | 1 | 06/08/2019 | Journal article |